| 000 | 01919nas a2200469 c 4500 | ||
|---|---|---|---|
| 001 | 25022 | ||
| 003 | ES-MaCES | ||
| 005 | 20250311141813.0 | ||
| 007 | cr ||||||||||| | ||
| 008 | 931220d19842014sp w| | 0spa d | ||
| 022 | 1 | _a0213-7097 | |
| 035 |
_aCES19980000022p _z10002 |
||
| 040 |
_aES-MaCES _bspa _cES-MaCES |
||
| 245 | 0 | 0 |
_aActualidad laboral _b: publicación semanal técnico-jurídica del trabajo y de la Seguridad Social |
| 260 |
_aAlcobendas, Madrid (Aragoneses, 7, Polígono industrial, 28100) _bActualidad Editorial _c -2014 |
||
| 300 |
_av. _c24 cm |
||
| 310 |
_aMensual _ben. 2013 |
||
| 321 | _aQuincenal, a partir de 2004 | ||
| 321 | _aSemanal | ||
| 500 | _aDescripción basada en: 1993, n. 46 (13-19 dic.) | ||
| 500 | _aA partir de 2004, incluye un complemento en internet y los tomos pasan a ser semestrales | ||
| 500 | _aSuplementos y números monográficos | ||
| 500 | _aPubl. anteriormente por: Editoral General de Derecho | ||
| 500 | _aComenzó en: 1984 | ||
| 500 | _aDirector: Efrén Borrajo Dacruz | ||
| 500 | _aTít. tomado de la cub | ||
| 541 | _cCompra | ||
| 650 | 4 |
_aderecho del trabajo _927165 |
|
| 650 | 4 |
_aseguridad social _927034 |
|
| 650 | 4 |
_928369 _arelaciones laborales |
|
| 653 | 1 | 0 | _aRelaciones laborales-Empleo |
| 700 | 1 |
_aBorrajo Dacruz, Efrén _edir. _98106 |
|
| 785 | 0 | 7 |
_tRelaciones laborales : revista crítica de teoría y práctica _w(ES-MaCES)25210 |
| 785 | 0 | 7 |
_tTrabajo y derecho : nueva revista de actualidad y relaciones laborales _w(ES-MaCES)45892 |
| 853 | 2 | 1 |
_bn. _iaño _jmes _kdia _vr _wm |
| 854 | 2 | 1 |
_bsupl. al n. _iaño _vr _wa |
| 866 | 0 |
_a1993-1997 (1998) 1999-2002 (2003) 2004-2011 (2012) 20013-2014. _zUbicación: DEPÓSITO - 10002 |
|
| 905 |
_1Boletín B _fP _kSÍ _nActLab _p+ |
||
| 942 |
_2CES _cCR _h2.0. |
||
| 999 |
_c25022 _d25022 |
||